[Event "Bethune op-B 25th"]
[Site "Bethune"]
[Date "2004.12.28"]
[Round "5"]
[White "Benoit, Guy"]
[Black "Pizzo, Simon"]
[Result "0-1"]
[WhiteElo "1700"]
[BlackElo "1510"]
[PlyCount "86"]
[EventDate "2004.12.26"]
[EventType "swiss"]
[EventRounds "7"]
[EventCountry "FRA"]
[SourceTitle "EXT 2006"]
[Source "ChessBase"]
[SourceDate "2005.11.24"]
[SourceVersion "1"]
[SourceVersionDate "2005.11.24"]
[SourceQuality "1"]

1. f4 d5 2. Nf3 e6 3. b3 Nf6 4. Bb2 c5 5. e3 Nc6 6. Be2 Be7 7. d3 b5 8. Qd2 a6 9. Nc3 d4 10. Nd1 dxe3 11. Nxe3 0-0 12. 0-0-0 b4 13. g4 a5 14. h4 a4 15. h5 axb3 16. cxb3 Rxa2 17. g5 Nd5 18. Nc4 Nc3 19. Rdg1 Nd4 20. Nxd4 Qxd4 21. Bf3 Ba6 22. Ne5 Rc8 23. Nc6 Rxc6 24. Bxc6 Bxd3 25. Rg2 Qd6 26. Bf3 Nb1 27. Qe3 Qa6 28. Qe5 Rxb2 29. Qxb2 Nc3 30. Kd2 Bf5 31. Ra1 Qd6+ 32. Kc1 Qxf4+ 33. Qd2 Qxf3 34. Kb2 Qc6 35. Rgg1 Ne4 36. Qh2 Nxg5 37. Rxg5 Bf6+ 38. Kc1 Bxg5+ 39. Kb2 Qb7 40. Ra4 Bf6+ 41. Ka2 h6 42. Rxb4 Qxb4 43. Qb8+ Qxb8 0-1

[Event "Bethune op-B 25th"]
[Site "Bethune"]
[Date "2004.12.27"]
[Round "3"]
[White "Benoit, Guy"]
[Black "Swiercz, Sonia"]
[Result "0-1"]
[WhiteElo "1700"]
[BlackElo "1560"]
[PlyCount "86"]
[EventDate "2004.12.26"]
[EventType "swiss"]
[EventRounds "7"]
[EventCountry "FRA"]
[SourceTitle "EXT 2006"]
[Source "ChessBase"]
[SourceDate "2005.11.24"]
[SourceVersion "1"]
[SourceVersionDate "2005.11.24"]
[SourceQuality "1"]

1. f4 d5 2. Nf3 Nc6 3. e3 Nf6 4. Be2 d4 5. d3 dxe3 6. Bxe3 Ng4 7. Bc5 b6 8. Ba3 Ne3 9. Qd2 Nxg2+ 10. Kf2 Nxf4 11. Qxf4 Bb7 12. Nbd2 e5 13. Nxe5 Qd4+ 14. Qxd4 Nxd4 15. Ndf3 Bxa3 16. bxa3 Nxc2 17. Rac1 Nxa3 18. Rxc7 Bd5 19. Nc4 Kd8 20. Nxa3 Kxc7 21. Rc1+ Kd7 22. Ne5+ Ke6 23. Nac4 b5 24. Bg4+ f5 25. Re1 bxc4 26. Nxc4+ Kf6 27. Bd1 Bxc4 28. dxc4 Rac8 29. Bb3 Rhe8 30. Rd1 a5 31. Rd6+ Re6 32. Rd4 Re4 33. Rd6+ Kg5 34. Ra6 Rce8 35. c5 Re2+ 36. Kg1 Re1+ 37. Kf2 R8e2+ 38. Kf3 Re3+ 39. Kf2 R1e2+ 40. Kf1 Rxh2 41. Rxa5 Kg4 42. Ra4+ Kg3 43. Bd5 Rf2+ 0-1

[Event "Bethune op-B 23th"]
[Site "Bethune"]
[Date "2002.12.30"]
[Round "7"]
[White "Bosch, Gerard"]
[Black "Benoit, Guy"]
[Result "1-0"]
[WhiteElo "1480"]
[BlackElo "1700"]
[PlyCount "77"]
[EventDate "2002.12.26"]
[EventType "swiss"]
[EventRounds "7"]
[EventCountry "FRA"]
[SourceTitle "CBM 091 Extra"]
[Source "ChessBase"]
[SourceDate "2003.01.09"]
[SourceVersion "1"]
[SourceVersionDate "2003.01.09"]
[SourceQuality "1"]

1. d4 Nf6 2. c4 d5 3. Bg5 Bf5 4. Nc3 e6 5. a3 Be7 6. e3 c6 7. cxd5 exd5 8. Nge2 Nbd7 9. Ng3 Bg6 10. Be2 Qc7 11. Bf4 Bd6 12. Bxd6 Qxd6 13. 0-0 Nb6 14. f4 h6 15. f5 Bh7 16. Qd2 0-0 17. e4 dxe4 18. Ncxe4 Nxe4 19. Nxe4 Qe7 20. Ng3 Nd5 21. Rae1 Qd7 22. Bc4 Nf6 23. Re6 Bxf5 24. Rxf6 Be6 25. Bxe6 fxe6 26. Rxf8+ Rxf8 27. Rxf8+ Kxf8 28. Qf4+ Ke7 29. h3 Qd8 30. Qe5 Kf7 31. Nh5 Qg5 32. Qxg5 hxg5 33. Kf2 a5 34. Ke3 b6 35. b4 axb4 36. axb4 Kg6 37. Ng3 Kf6 38. Ke4 g6 39. Nh1 1-0